00688nam a22001937a 4500999001900000005001700019010001500036020002700051035001400078037001300092082001500105100001600120245005600136260006700192270005000259300003000309942002900339952012600368 c189658d18965820220708162510.0 aENG-133453 a9789390961290c1995.00 aEN-116985 bDBAD/PUB a342.540662 aSharma, M L aRight to information and jurisprudence/cM L Sharma aNew DelhibRenu Kaul Verma, Vitasta publishing pvt. ltd.c2022 bNew Delhie110002a2/15,Ansari road,Daryaganj axx,890p.c25cm(hb)bIndex 2ddccENh342.540662mSHA 001040718REFaAVbAVd2022-07-08eDBAD/PUBg1995.00l0o342.540662 SHApEN-116985r2022-07-08 00:00:00t1v1995.00yEN